Popular (Wicked Musical) - Kristin Chenoweth - All Lyrics - Statistics

General Stats
  • This quiz has been taken 85 times
  • The average score is 260 of 319
Answer Stats
Answer % Correct
-lar
98%
Popular
98%
popular
98%
popular,
98%
who-you-were,
98%
I
96%
I?
96%
ooh
96%
a
95%
be
95%
the
95%
to
95%
You
95%
you
95%
an
93%
And
91%
and
91%
La-la,
91%
la-la
91%
your
91%
go
89%
gonna
89%
it,
89%
it
89%
that
89%
wear,
89%
when
89%
When
89%
make
88%
shoes
88%
So
88%
hair
86%
have
86%
I'll
86%
me
86%
they
86%
They
86%
what
86%
as
84%
fix
84%
how
84%
know,
84%
know
84%
Know
84%
let's
84%
My
84%
my
84%
Not
84%
not
84%
of
84%
see
84%
show
84%
way
84%
We're
84%
were
84%
who
84%
You're
84%
you're
84%
about
82%
boys
82%
face
82%
less
82%
someone
82%
talk
82%
than
82%
will
82%
counts
80%
Don't
80%
Everything
80%
flirt
80%
fortunate
80%
in
80%
it's
80%
It's
80%
laugh
80%
need
80%
needs
80%
proper
80%
take
80%
teach
80%
You'll
80%
you'll
80%
are
79%
at
79%
from
79%
help
79%
isn't
79%
makeover,
79%
over
79%
really
79%
simply
79%
start
79%
Think
79%
think
79%
Whenever
79%
with
79%
brains
77%
by
77%
case
77%
comes
77%
dialysis
77%
good
77%
heart
77%
I'm
77%
I've
77%
on
77%
or
77%
personality
77%
all
75%
analysis
75%
can
75%
'cause
75%
Did
75%
exactly
75%
frank
75%
got
75%
Instead
75%
right
75%
sports
75%
toughest
75%
well,
75%
yes,
75%
yet
75%
you've
75%
assist
73%
bleed
73%
even
73%
just
73%
long
73%
offended
73%
tender
73%
there's
73%
There's
73%
ways
73%
worry,
73%
awfully
71%
flounce,
71%
Follow
71%
lead
71%
like
71%
Little
71%
succeed
71%
Though
71%
though
71%
very
71%
Very,
71%
becoming
70%
determined
70%
knowledge?
70%
Now
70%
stop
70%
wiser
70%
become
68%
creatures
68%
great
68%
hang
68%
nobody
68%
nothing
68%
pal,
68%
slang
68%
cohorts,
66%
features
66%
indeed
66%
quite
66%
tends
66%
aptitude,
64%
dreary
64%
communicators
63%
sister
63%
viewed
63%
depressing
61%
remind
61%
state
61%
them
61%
chosen
59%
especially
59%
heads
59%
own
59%
shrewd
59%
disinterest
57%
populer…
57%
protest
57%
Celebrated
55%
popularity,
55%
their
55%
bear
50%
Please,
50%
grin
48%
newfound
48%
clandestinely
45%
unprepossessing
45%
adviser,
43%
ploys
41%
behalf
38%
No matching quizzes found
Score Distribution
Percent of People with Each Score
Percentile by Number Answered
Your Score History
You have not taken this quiz